00499nam a2200145Ia 4500008004100000041000800041082001200049100001800061245004500079260004600124300003000170365001100200999001700211952012500228240624s9999 xx 000 0 und d aeng a020 KAH aKAHN MIRIAM B aDISASTER RESPONSE AND PLANNING FOR LIBRA c2009aNew DelhibIndiana Publishing House axi, : 152 : p. : cm. ; 28 cRSb20 c13144d13144 00104070aIMTNbIMTNcRack 2-Bd2009-05-12eWBDg895.00l0n32o020 KAHp13144r2024-06-24 00:00:00t1w2024-06-24yBK